Statistics for Australia or Papua New Guinea?

Click here to take the quiz!

General Stats

  • This quiz has been taken 1,188 times
    (421 since last reset)
  • The average score is 10 of 15

Answer Stats

QuestionAnswer% Correct
Has the higher number of official languages?Papua New Guinea
94%
Had the most recent volcanic eruptionPapua New Guinea
91%
Has the higher population density (people per square kilometre)Papua New Guinea
84%
Has emus?Australia
83%
Received British convicts at penal settlements?Australia
80%
Is a federation of states/territories?Australia
72%
Has saltwater crocodiles?Both
70%
Has wombats?Australia
69%
Has the higher elevation above sea level?Papua New Guinea
68%
Is a member of the Commonwealth of Nations?Both
67%
Has King Charles III as its Head of State?Both
48%
Has the Southern Cross (Crux) on its flag?Both
45%
Its current territory was invaded by Japan during World War IIBoth
39%
Has echidnas?Both
33%
Has wallabies?Both
29%

Score Distribution

Percentile by Number Answered

Percent of People with Each Score

Your Score History

You have not taken this quiz since the last reset